Aplikácia inovatívnych riešení pri zabezpečení primárnej nadväznosti meradiel krútiaceho momentu

Gespeichert in:
Bibliographische Detailangaben
1. Verfasser: Frič, Anton (Verfasst von)
Weitere Verfasser: Ďuriš, Stanislav (Betreuung Doktorarbeit)
Format: Manuskript Buch
Sprache:Slowakisch
Veröffentlicht: 2022
Schlagworte:
Online-Zugang:http://is.stuba.sk/zp/portal_zp.pl?podrobnosti=152762
Tags: Tag hinzufügen
Keine Tags, Fügen Sie das erste Tag hinzu!

MARC

LEADER 00000ntm a22000003a 4500
001 stuzp71365
003 SK-STU
005 20220903210424.6
007 ta
008 150427s2015----xo-----f-mn---000-0-slo-d
040 |a STU  |b slo 
041 0 |a slo 
100 1 |a Frič, Anton  |u 020020  |k Z9  |4 aut  |U SjF Strojnícka fakulta  |T SjF Ústav automatizácie, merania a aplikovanej informatiky  |X 99366  |U J0020  |Y 802  |7 99366 
242 0 1 |a Application of innovative solutions in ensuring the primary traceability of torque measuring decvices  |y eng 
245 1 0 |a Aplikácia inovatívnych riešení pri zabezpečení primárnej nadväznosti meradiel krútiaceho momentu 
260 |c 2022 
650 4 |a moment sily  |2 slo 
650 4 |a primárny etalón  |2 slo 
650 4 |a metrologická nadväznosť  |2 slo 
650 4 |a torque  |2 eng 
650 4 |a primary standard  |2 eng 
650 4 |a metrological traceability  |2 eng 
700 1 |a Ďuriš, Stanislav  |u 020020  |k Z1  |4 ths  |U SjF Strojnícka fakulta  |T SjF Ústav automatizácie, merania a aplikovanej informatiky  |X 36537  |U J0020  |Y 802  |7 A000036537 
856 4 |u http://is.stuba.sk/zp/portal_zp.pl?podrobnosti=152762 
996 |b 284J047105  |c J* 119347  |l JJST  |s P  |a 0  |w stuzp71365_0001